Statistics for Random Cities on Oceania Map

Click here to take the quiz!

General Stats

  • This quiz has been taken 59 times
  • The average score is 4 of 10

Answers on the Map

Answers color-coded by a green-red scale on the quiz's map according to % correct below.
 

Answer Stats

Oceania City% Correct
Albury
100%
Avarua
100%
Ballarat
100%
Brisbane
100%
Christchurch
100%
Darwin
100%
Exmouth
100%
Gold Coast
100%
Hamilton
100%
Hobart
100%
Honolulu
100%
Jayapura
100%
Koror
100%
Madang
100%
Nuku'alofa
100%
Palmerston North
100%
Perth
100%
Port Moresby
100%
Queenstown
100%
Sydney
100%
Hilo
50%
Majuro
50%
Port Macquarie
50%
Sunshine Coast
50%
Saipan
33%
Adelaide
0%
Albany
0%
Alice Springs
0%
Apia
0%
Auckland
0%
Bendigo
0%
Broome
0%
Buka
0%
Bunbury
0%
Bundaberg
0%
Cairns
0%
Canberra
0%
Coffs Harbour
0%
Colonia
0%
Dunedin
0%
Funafuti
0%
Geelong
0%
Geraldton
0%
Hagåtña
0%
Honiara
0%
Invercargill
0%
Kahului
0%
Kalgoorie
0%
Kokopo
0%
Kolonia
0%
Lae
0%
Launceston
0%
Lautoka
0%
Mackay
0%
Melbourne
0%
Mount Gambier
0%
Napier
0%
Nelson
0%
Newcastle
0%
Noumea
0%
Pago Pago
0%
Pape'ete
0%
Port Hedland
0%
Port Vila
0%
Rockhampton
0%
Sorong
0%
Suva
0%
Tarawa
0%
Tauranga
0%
Townsville
0%
Wagga Wagga
0%
Wellington
0%
Weno
0%
Whyalla
0%
Wollongong
0%

Score Distribution

Percentile by Number Answered

Percent of People with Each Score

Your Score History

You have not taken this quiz